书目信息 |
| 书名: | Historical atlas of the world | |
| 作者: | Rand McNally. | |
| 分册号: | ||
| 分册名: | 出版地: | Chicago : |
|
| 出版社: | Houghton Mifflin Co | |
| 出版时间: | c1994. | |
| 页数: | 1 atlas (80 p.) : | |
| 开本: | 26 cm. | |
| 丛书名: | ||
| 中图分类号: | ||
| 科图分类号: | ||
| 其他分类号: | K928.6 | |
| 主题词: | ||
| 电子资源: | ||
| 000 | 01099nem a2200361 450 | |
| 001 | E0759708575 | |
| 005 | 20070428163631.00 | |
| 007 | ad canzn | |
| 008 | 950103s1994 ilu e eng | |
| 010 | @a95675501 | |
| 020 | @a0395719135 :@c$8.95. | |
| 034 | 0 | @aa |
| 035 | @A(DLC) 95675501 | |
| 040 | @aDLC@cDLC@dDLC | |
| 050 | 00 | @aG1030@b.R35 1994 |
| 082 | 00 | @a911@2 20 |
| 090 | @aK928.6 | |
| 099 | @dK928.6@ex25 | |
| 110 | 2 | @aRand McNally and Company. |
| 245 | 10 | @aHistorical atlas of the world / @cRand McNally. |
| 255 | @aScales differ. | |
| 260 | @aChicago :@bHoughton Mifflin Co.,@cc1994. | |
| 300 | @a1 atlas (80 p.) :@bcol. maps ;@c26 cm. | |
| 500 | @aCover title. | |
| 500 | @aMaps copyrighted by Rand McNally & Company. | |
| 500 | @aIncludes index. | |
| 500 | @aAt head of title: Rand McNally. | |
| 650 | 0 | @aHistorical geography@xMaps. |
| 906 | @a7@bcbc@corignew@d2@encip@f19@gy-geogmaps | |
| 922 | @aad;@a(2 copies) | |
| 955 | @aga16 01-03-95; ga13 01-05-95; aa02 01-09-95 | |
| 985 | @eATLAS MIG | |
| 991 | @bc-G&M@hG1030@i.R35 1994@tCopy 1@wBOOKS | |
| Historical atlas of the world / / Rand McNally.-Chicago : : Houghton Mifflin Co., , c1994. |
| 1 atlas (80 p.) : : col. maps ; ; 26 cm. |
| Cover title.-Maps copyrighted by Rand McNally & Company.-Includes index.-At head of title: Rand McNally. |
| ISBN 0395719135 :$8.95. |
| ● |
| 相关链接 |
|
|
|
|
正题名:Historical atlas of the world
索取号:K928.6/x25
 
预约/预借
| 序号 | 登录号 | 条形码 | 馆藏地/架位号 | 状态 | 备注 |
| 1 | 6380 | 300063801 | 第二样本阅览室/ [索取号:K928.6/x25] | 在馆 | |
| 2 | 6381 | 300063810 | 密集书库/ [索取号:K928.6/x25] | 在馆 | |
| 3 | 6382 | 300063829 | 第四借阅区/ [索取号:K928.6/x25] | 在馆 | |
| 4 | 6383 | 300063838 | 第四借阅区/ [索取号:K928.6/x25] | 在馆 | |
| 5 | 6384 | 300063847 | 密集书库/ [索取号:K928.6/x25] | 在馆 |